000 00739nam a22002537i 4500
003 URS
005 20220117094901.0
008 170311b xxu||||| |||| 00| 0 eng d
020 _a9712327264
040 _aDLAW
_erda
_cURS
_beng
041 _aeng
050 0 0 _aKF5625.2
_bD3778 1999
100 1 _aDe Leon, Hector S.,
_eauthor
245 1 0 _aThe law on obligations and contracts /
_cby Hector S. De Leon.
250 _a1999 rev. ed.
264 1 _aManila :
_bRex Book Store,
_c1999.
300 _a414 pages ;
_c23 cm.
336 _atext
_btxt
_2rdacontent
337 _aunmediated
_bn
_2rdamedia
338 _avolume
_bnc
_2rdacarrier
650 4 _aObligations (Law)
_zPhilippines.
650 4 _aContracts
_zPhilippines.
942 _2lcc
_cF
999 _c11840
_d11840